000 00456nam a2200181Ia 4500
001 4888
005 20260306145827.0
008 260306t1993||||xx |||||||||||||| ||spa||
041 _aESP
082 _a331
_bP21
100 _aPalomino Ramírez, Teodosio A.
_eAUT
245 0 _aLa humanización del trabajo y derecho del ocio
260 _c1993
300 _axxv : 161 páginas :
_c20 cm.
650 _aGEN
654 _aCAN
942 _cLIB
_dJUS
_fJUS
_2ddc
_n
999 _c4888
_d4888